Central Library OPAC University of Rajshahi

Opportunities in building construction trades / (Record no. 17286)

MARC details
000 -LEADER
fixed length control field 00888cam a2200253 a 4500
001 - CONTROL NUMBER
control field 17286
003 - CONTROL NUMBER IDENTIFIER
rucl marc code BD-RjUL
005 - DATE AND TIME OF LATEST TRANSACTION
control field 20211209000121.0
008 - FIXED-LENGTH DATA ELEMENTS--GENERAL INFORMATION
fixed length control field 140216s1982 iluaf b 000 0 eng
035 ## - SYSTEM CONTROL NUMBER
System control number (BD-RjUL)17344
040 ## - CATALOGING SOURCE
Original cataloging agency DLC
Transcribing agency DLC
Modifying agency BD-RjUL
Language of cataloging eng
041 ## - LANGUAGE CODE
Language code of text/sound track or separate title eng
082 00 - DEWEY DECIMAL CLASSIFICATION NUMBER
Classification number 690.02373
Edition number 19
Author mark and year SUO 1982
100 1# - MAIN ENTRY--PERSONAL NAME
Personal name Sumichrast, Michael.
9 (RLIN) 53291
245 10 - TITLE STATEMENT
Title Opportunities in building construction trades /
Statement of responsibility, etc. Michael Sumichrast.
260 ## - PUBLICATION, DISTRIBUTION, ETC. (IMPRINT)
Place of publication, distribution, etc. Skokie, Ill. (8259 Niles Center Rd., Skokie 60077) :
Name of publisher, distributor, etc. VGM Career Horizons,
Date of publication, distribution, etc. c1982.
300 ## - PHYSICAL DESCRIPTION
Pagination viii, 148 p., [1] leaf of plates :
Illustrations ill. ;
Size 20 cm.
504 ## - BIBLIOGRAPHY, ETC. NOTE
Bibliography, etc Bibliography: p. 114-118.
650 #0 - SUBJECT ADDED ENTRY--TOPICAL TERM
Topical term or geographic name as entry element Building trades
General subdivision Vocational guidance
Geographic subdivision United States.
9 (RLIN) 53292
Topical term or geographic name as entry element Construction industry
General subdivision Vocational guidance
Geographic subdivision United States.
9 (RLIN) 53293
942 ## - ADDED ENTRY ELEMENTS (KOHA)
Source of classification or shelving scheme Dewey Decimal Classification
Koha item type Books
Holdings
Lost status Source of classification or shelving scheme Damaged status Not for loan Collection code Permanent Location Current Location Shelving location Date acquired Source of acquisition Total Checkouts Full call number Date last seen Copy number Koha item type
  Dewey Decimal Classification   Not For Loan Non-fiction Central Library, University of Rajshahi Central Library, University of Rajshahi Reading Room 12/02/1991 Mount Royal College   690.02373 SUO 1982 16/02/2014 C-1 Books